00640nam a2200193Ia 4500008004100000082001700041100001700058245002400075250000800099260003200107300001100139500002400150650001600174700002000190942000700210952010600217952010600323999001700429230524s9999 xx 000 0 und d a621.382bHAY aSimon Haykin 0aSignals and Systems a1ST aNEW DELHIbJohn Wileyc2002 aXV;687 aQuantity Number: 2 aElectronics a Barry Van Veen cBK 00104070aTATCLbTATCLcGENd2023-05-24l0o621.382 HAYp9045r2023-05-24w2023-05-24yBKzPCBM4302 00104070aTATCLbTATCLcGENd2023-05-24l0o621.382 HAYp9228r2023-05-24w2023-05-24yBKzPCBM4302 c33544d33544